000 00325nam a2200145Ia 4500
100 _aForsyth/David A/ Ponce/J
942 _cBK
654 _acomputer vision
245 _aComputer vision:A modern approach
260 _bPearson Education
_c2003
082 _a6.6
_bFOR
300 _a693
546 _aENGLISH
999 _c25620
_d25620